000 00345nam a2200133Ia 4500
005 20251222153604.0
008 251222s9999||||xx |||||||||||||| ||spa||
020 _a9788469178072
082 _a610.736.5/S64
245 0 _aGuía de Buena Práctica Clínica en Geriatría:
250 _a1ra.ed.
264 _bElsevier España, S.L.
942 _cLIB
999 _c31326
_d31326